| 000 | 00629nam a2200217Ia 4500 | ||
|---|---|---|---|
| 005 | 20241129111434.0 | ||
| 008 | 241129s9999||||xx |||||||||||||| ||und|| | ||
| 020 | _a978-1-78441-638-6 | ||
| 037 | _aTB | ||
| 040 |
_aCRL _beng _cCRL |
||
| 041 |
_aeng _2eng |
||
| 084 |
_a2 Q5 _qCRL |
||
| 100 |
_aWoodsworth Anne Ed.; Penniman W. David Ed. _9724101 |
||
| 245 | 0 |
_aAdvances in librarianship _cWoodsworth Anne Ed.; Penniman W. David Ed. |
|
| 260 |
_aBingley, UK _bBingley Emerald _c2015 |
||
| 300 | _axii,270p. | ||
| 365 |
_aUKP _b85.99 |
||
| 650 | _aLibrary Science | ||
| 942 |
_cTB _h2 Q5 |
||
| 999 |
_c1230469 _d1230469 |
||